01753 a2200193 45000010006000000050017000060080041000230030015000640400040000790800052001192450027001710200018001982500012002162640044002283000025002725051138002971000030014358560094014651601020260407155453.0260407a1993 arg spa dAR-UNSa-BCEJYS aAR-UNSa-BCEJYSbspacAR-UNSa-BCEJYS a342xDerecho constitucional (Derecho Público)10aDerecho constitucional a980-14-0683-0 a3a. ed. 1aBuenos Aires :bEdiciones Depalmac1993 axxv, 1067 p.c23 cm. aI. Elementos de la teoría constitucional: 1. Constitución. Derecho Constitucional. Ciencia constitucional y teoría constitucional - 2. Tipología y clasificación de las constituciones - 3. El poder constituyente - 4. La Constitución argentina y la teoría constitucional -- II. La estructura constitucional positiva del Estado: La estructura normativa constitucional: 1. Principios generales - 2. Los actos jurídicos constitucionales - 3. Los derechos constitucionales - 4. Los deberes públicos subjetivos - La estructura de los principios constitucionales: 1. Clasificación de los principios constitucionales - 2. El principio de limitación - 3. El principio de funcionalidad - 4. El principio de supremacía - 5. El subprincipio de unidad - 6. El subprincipio de razonabilidad: el debido proceso legal - 7. El subprincipio de control - 8. El principio de estabilidad -- La estructura orgánica constitucional: 1. La estructura federal - 2. Las provincias - 3. El Poder Legislativo - 4. El Poder Ejecutivo - 5. El Poder Judicial -- La realidad constitucional al margen de la vigencia de su estructura normativa1 aQuiroga Lavié, Humberto41uhttps://biblioeco.unsa.edu.ar/pmb/images/libros/L70170.jpgyImagen de portadaqimage/jpeg